[Event "DEM U10/U10w 2000"]
[Site "Überlingen GER"]
[Date "2000.06.05"]
[Round "4"]
[White "Zeuner, Felix"]
[Black "Lubbe, Nikolas"]
[Result "0-1"]
[Termination "normal"]
[Board "14"]
[WhiteElo "830"]
[BlackElo "1110"]
[PlyCount "136"]
[BlackFideId "4694031"]
[EventCountry "GER"]
[EventRounds "11"]
[EventType "swiss"]
[EventDate "2000.06.03"]

1. e4 d5 2. exd5 Qxd5 3. d4 Nf6 4. Nc3 Qa5 5. Bd3 Bg4 6. f3 Bh5 7. Be3 Nc6 8.
Qd2 O-O-O 9. Bb5 e6 10. Nge2 Nb4 11. a3 Nbd5 12. Bf4 Nxf4 13. Nxf4 c6 14. Bc4
Qb6 15. O-O-O Bd6 16. Nxh5 Nxh5 17. Ne2 h6 18. g3 Nf6 19. g4 Be7 20. g5 hxg5
21. Qxg5 g6 22. Qd2 Qc7 23. h3 Nd5 24. Bxd5 cxd5 25. Kb1 Kb8 26. Rc1 Bd6 27.
Qd3 Rc8 28. c3 Qb6 29. Ka1 Rc4 30. Ka2 Qa5 31. Qc2 Rhc8 32. Qb3 R4c6 33. Qc2
Ra6 34. a4 Qxa4+ 35. Qxa4 Rxa4+ 36. Kb3 Rac4 37. Kc2 a6 38. b3 R4c6 39. Kb2 b5
40. Ra1 b4 41. Rhc1 bxc3+ 42. Rxc3 Rxc3 43. Nxc3 Kb7 44. Ra4 Rh8 45. b4 Rxh3
46. b5 axb5 47. Nxb5 Kc6 48. Na7+ Kd7 49. Nb5 Rxf3 50. Nxd6 Kxd6 51. Ra6+ Kc7
52. Ra7+ Kb6 53. Ra1 Kb5 54. Rb1 Kc4 55. Rc1+ Kxd4 56. Rd1+ Ke5 57. Re1+ Kf6
58. Kc2 Ke7 59. Kd2 f5 60. Ke2 Rf4 61. Kd3 g5 62. Rg1 Kf6 63. Ke3 e5 64. Kd3
Rf3+ 65. Ke2 e4 66. Rd1 Ke5 67. Ke1 d4 68. Ke2 g4 0-1

[Event "DEM U10/U10w 2000"]
[Site "Überlingen GER"]
[Date "2000.06.05"]
[Round "4"]
[White "Schmidt, David"]
[Black "Friedrich, Jan"]
[Result "1-0"]
[Termination "normal"]
[Board "15"]
[WhiteElo "1078"]
[BlackElo "821"]
[PlyCount "133"]
[BlackFideId "24659452"]
[EventCountry "GER"]
[EventRounds "11"]
[EventType "swiss"]
[EventDate "2000.06.03"]

1. e4 c5 2. Nf3 Nc6 3. d4 cxd4 4. Nxd4 d6 5. Nc3 Bd7 6. Bc4 g6 7. Be3 Bg7 8.
Qd2 Nf6 9. f3 O-O 10. O-O-O Ne5 11. Bb3 Qc7 12. Bh6 Rfc8 13. Bxg7 Kxg7 14. Nde2
Nc4 15. Bxc4 Qxc4 16. Qd3 Qxd3 17. Rxd3 Rc6 18. Rhd1 Rac8 19. Nd4 Rb6 20. Nb3
Nh5 21. Nd5 Rbc6 22. c3 Re8 23. g4 Nf6 24. Nb4 Rb6 25. Rd4 Ba4 26. Kc2 Bxb3+
27. axb3 a5 28. Nd5 Nxd5 29. Rxd5 Rc8 30. Rxa5 Rb4 31. Ra4 Rb6 32. Rdd4 Rb5 33.
Rab4 Rxb4 34. Rxb4 Rc7 35. Kd3 Rd7 36. f4 e5 37. fxe5 dxe5+ 38. Ke3 Kh6 39. h4
Kg7 40. Rb5 Re7 41. c4 h5 42. Kf3 hxg4+ 43. Kxg4 Kh6 44. b4 Rd7 45. Rd5 Rxd5
46. cxd5 Kg7 47. b3 Kf8 48. Kg5 Ke7 49. b5 b6 50. b4 Ke8 51. Kf6 Kf8 52. Kxe5
Ke7 53. d6+ Kf8 54. Kf6 Ke8 55. e5 Kd7 56. Kxf7 Kd8 57. e6 Kc8 58. d7+ Kd8 59.
e7+ Kxd7 60. e8=Q+ Kd6 61. Qe4 Kd7 62. Qe6+ Kc7 63. Ke7 Kb7 64. Kd7 Kb8 65.
Qxb6+ Ka8 66. Kc7 g5 67. Qb7# 1-0

[Event "DEM U10/U10w 2000"]
[Site "Überlingen GER"]
[Date "2000.06.05"]
[Round "4"]
[White "Wittmann, Thomas"]
[Black "Bogner, Sebastian"]
[Result "1/2-1/2"]
[Termination "normal"]
[Board "16"]
[WhiteElo "1070"]
[BlackElo "768"]
[PlyCount "83"]
[BlackFideId "4692055"]
[EventCountry "GER"]
[EventRounds "11"]
[EventType "swiss"]
[EventDate "2000.06.03"]

1. e4 c5 2. Nf3 Nc6 3. d4 cxd4 4. Nxd4 d6 5. Nc3 Nf6 6. Be3 e6 7. Bc4 Be7 8.
Qd2 O-O 9. O-O-O a6 10. f3 Qc7 11. g4 Nxd4 12. Qxd4 b5 13. Bb3 Qc6 14. g5 Nd7
15. Nd5 Bd8 16. Nf4 e5 17. Bd5 Qxc2+ 18. Kxc2 exd4 19. Bxa8 dxe3 20. h4 Bc7 21.
Nd5 Ba5 22. Nxe3 Bb4 23. Bd5 Nb6 24. Bb3 a5 25. a3 Bc5 26. Rhe1 Be6 27. Nd5
Nxd5 28. Bxd5 Rc8 29. Kb1 b4 30. a4 b3 31. Bxe6 fxe6 32. Rc1 Rf8 33. Rf1 Rf4
34. Rc3 Rxh4 35. Rxb3 Bb4 36. Kc2 Kf7 37. Re3 Rf4 38. Rd3 Kg6 39. Rg1 Rh4 40.
Rd4 Bc5 41. Rdd1 Bxg1 42. Rxg1 1/2-1/2

[Event "DEM U10/U10w 2000"]
[Site "Überlingen GER"]
[Date "2000.06.05"]
[Round "4"]
[White "Seyb, Alexander"]
[Black "Müller, Jonathan"]
[Result "1-0"]
[Termination "normal"]
[Board "17"]
[WhiteElo "1052"]
[BlackElo "487"]
[PlyCount "31"]
[WhiteFideId "4699033"]
[EventCountry "GER"]
[EventRounds "11"]
[EventType "swiss"]
[EventDate "2000.06.03"]

1. e4 c5 2. c3 Nc6 3. d4 e6 4. Nf3 d5 5. e5 c4 6. Bg5 Be7 7. Bxe7 Ngxe7 8. Be2
Bd7 9. O-O Qc7 10. Nbd2 O-O-O 11. b3 Nb8 12. bxc4 dxc4 13. Nxc4 Bb5 14. Nd6+
Kd7 15. Bxb5+ Nbc6 16. Nxf7 1-0

[Event "DEM U10/U10w 2000"]
[Site "Überlingen GER"]
[Date "2000.06.05"]
[Round "4"]
[White "Prum, Alexander"]
[Black "Lange, Jan-David"]
[Result "1-0"]
[Termination "normal"]
[Board "20"]
[WhiteElo "351"]
[BlackElo "1000"]
[PlyCount "43"]
[BlackFideId "24614963"]
[EventCountry "GER"]
[EventRounds "11"]
[EventType "swiss"]
[EventDate "2000.06.03"]

1. e4 e5 2. Nf3 Nc6 3. Bb5 Nf6 4. d3 Bc5 5. O-O O-O 6. Bg5 h6 7. Bh4 Nd4 8.
Nxd4 Bxd4 9. c3 Bb6 10. a4 c6 11. Bc4 d5 12. exd5 cxd5 13. Bxf6 gxf6 14. Bb3 d4
15. Re1 a6 16. Qh5 Kh7 17. Bxf7 Rxf7 18. Qxf7+ Kh8 19. Re4 f5 20. Rxe5 Bd7 21.
Re7 Qg8 22. Qf6+ 1-0

[Event "DEM U10/U10w 2000"]
[Site "Überlingen GER"]
[Date "2000.06.05"]
[Round "4"]
[White "Rath, Oliver"]
[Black "Katte, Nicolas"]
[Result "0-1"]
[Termination "normal"]
[Board "21"]
[WhiteElo "332"]
[BlackElo "1148"]
[PlyCount "50"]
[WhiteFideId "24610380"]
[BlackFideId "24614149"]
[EventCountry "GER"]
[EventRounds "11"]
[EventType "swiss"]
[EventDate "2000.06.03"]

1. d4 d5 2. c4 Bf5 3. Nc3 dxc4 4. e3 e5 5. Bxc4 Bb4 6. Nf3 e4 7. Nd2 Nf6 8. O-O
O-O 9. a3 Bd6 10. Qb3 Qd7 11. Re1 Bh3 12. Bf1 Be6 13. Qxb7 Nc6 14. Be2 Rab8 15.
Qa6 Rb6 16. Qa4 Ra8 17. Qd1 Bf5 18. Na4 Rbb8 19. Rb1 Nd5 20. Bc4 Nb6 21. Bd5
Nxd5 22. b4 Rb5 23. Qe2 Nce7 24. Nf1 a5 25. Qc2 axb4 0-1

[Event "DEM U10/U10w 2000"]
[Site "Überlingen GER"]
[Date "2000.06.05"]
[Round "4"]
[White "Wortmann, Jonas"]
[Black "Terwitte, Jakob"]
[Result "1/2-1/2"]
[Termination "normal"]
[Board "22"]
[WhiteElo "1184"]
[BlackElo "831"]
[PlyCount "73"]
[WhiteFideId "24628069"]
[EventCountry "GER"]
[EventRounds "11"]
[EventType "swiss"]
[EventDate "2000.06.03"]

1. c4 c5 2. g3 e6 3. Bg2 Nc6 4. Nc3 d6 5. e4 Nf6 6. d3 Be7 7. Nge2 O-O 8. h3
Bd7 9. O-O a6 10. f4 Rb8 11. a4 Nb4 12. Na2 Nxa2 13. Rxa2 Bc6 14. Bd2 d5 15.
Qc2 dxc4 16. dxc4 Qd7 17. Rd1 Qc7 18. Be3 Rbd8 19. Raa1 Rxd1+ 20. Rxd1 Rd8 21.
b3 Rxd1+ 22. Qxd1 Bxe4 23. Bxe4 Nxe4 24. Qd3 Nf6 25. Nc3 Nh5 26. Kh2 e5 27. Nd5
Qd7 28. fxe5 f6 29. Nxe7+ Qxe7 30. exf6 Nxf6 31. Bg5 h6 32. Bxf6 Qxf6 33. Qd5+
Kh7 34. Qxc5 Qb2+ 35. Kh1 Qb1+ 36. Kg2 Qc2+ 37. Kh1 1/2-1/2

[Event "DEM U10/U10w 2000"]
[Site "Überlingen GER"]
[Date "2000.06.05"]
[Round "4"]
[White "Fuchs, Judith"]
[Black "Pongratz, Philip"]
[Result "1/2-1/2"]
[Termination "normal"]
[Board "23"]
[WhiteElo "727"]
[BlackElo "946"]
[PlyCount "37"]
[WhiteFideId "24605611"]
[EventCountry "GER"]
[EventRounds "11"]
[EventType "swiss"]
[EventDate "2000.06.03"]

1. e4 c5 2. Nf3 d6 3. d4 cxd4 4. Nxd4 Nf6 5. Nc3 a6 6. f3 g6 7. Be3 Bg7 8. Qd2
Nc6 9. g4 O-O 10. h4 d5 11. Nxc6 bxc6 12. O-O-O e6 13. h5 Rb8 14. hxg6 fxg6 15.
Bh6 Qc7 16. Bxg7 Qxg7 17. Qe3 Qb7 18. b3 Rd8 19. Qg5 1/2-1/2

[Event "DEM U10/U10w 2000"]
[Site "Überlingen GER"]
[Date "2000.06.05"]
[Round "4"]
[White "Zahn, Benno"]
[Black "Neudert, Maximilian"]
[Result "1-0"]
[Termination "normal"]
[Board "25"]
[WhiteElo "883"]
[BlackElo "346"]
[PlyCount "81"]
[WhiteFideId "24636070"]
[EventCountry "GER"]
[EventRounds "11"]
[EventType "swiss"]
[EventDate "2000.06.03"]

1. e4 c5 2. Nf3 Nc6 3. d4 cxd4 4. Nxd4 e6 5. Nc3 Nf6 6. Be3 Bb4 7. f3 d5 8. Bd3
Bxc3+ 9. bxc3 e5 10. Ne2 d4 11. cxd4 exd4 12. Bg5 Qa5+ 13. Bd2 Qa4 14. c3 Qxd1+
15. Rxd1 dxc3 16. Bxc3 Be6 17. a4 Bb3 18. Rb1 Bxa4 19. Rxb7 Rd8 20. Kd2 a6 21.
Ke3 a5 22. Bxa5 Nxa5 23. Ra7 Nc4+ 24. Bxc4 Bc6 25. Rxf7 Rc8 26. Rxg7 Bxe4 27.
Ba6 Ra8 28. Bb5+ Kf8 29. Rg5 h6 30. Re5 Bg6 31. g4 Ra2 32. h4 h5 33. g5 Ng4+
34. fxg4 hxg4 35. Rg1 Rxh4 36. Re6 Bh5 37. Nf4 Ra3+ 38. Bd3 Bf7 39. Rh6 Rxh6
40. gxh6 Kg8 41. Rxg4+ 1-0

[Event "DEM U10/U10w 2000"]
[Site "Überlingen GER"]
[Date "2000.06.05"]
[Round "4"]
[White "von Berg, Martin"]
[Black "Nekrassowa, Katja"]
[Result "1-0"]
[Termination "normal"]
[Board "26"]
[WhiteElo "875"]
[BlackElo "361"]
[PlyCount "133"]
[EventCountry "GER"]
[EventRounds "11"]
[EventType "swiss"]
[EventDate "2000.06.03"]

1. e4 e5 2. Nf3 Nc6 3. Bc4 Bc5 4. c3 Nf6 5. d4 exd4 6. cxd4 Bb4+ 7. Bd2 Nxe4 8.
Bxb4 Nxb4 9. Qb3 Qe7 10. Bxf7+ Qxf7 11. Qxb4 d6 12. O-O O-O 13. Nbd2 Nxd2 14.
Qxd2 Bh3 15. Ng5 Qd5 16. Nxh3 Rae8 17. b3 c5 18. Rad1 cxd4 19. Qxd4 Qxd4 20.
Rxd4 Re2 21. a4 Rb2 22. b4 a6 23. g3 h6 24. Re1 Rf6 25. Re8+ Rf8 26. Rxf8+ Kxf8
27. Rxd6 Rxb4 28. a5 Rb5 29. Rb6 Rxb6 30. axb6 a5 31. Nf4 Ke7 32. Nd3 Kd6 33.
f3 a4 34. Kf2 a3 35. Nc1 Kc5 36. Ke2 Kxb6 37. Kd3 Kc5 38. Kc3 b5 39. Nd3+ Kd5
40. Nb4+ Kc5 41. h4 g6 42. Nd3+ Kd5 43. Nf4+ Kc5 44. Nxg6 b4+ 45. Kb3 Kd4 46.
f4 Kd3 47. f5 Kd2 48. f6 a2 49. Kxa2 Kc2 50. f7 b3+ 51. Ka3 b2 52. f8=Q b1=Q
53. Qf5+ Kc1 54. Qxb1+ Kxb1 55. Kb3 Kc1 56. Kc3 Kd1 57. Kd3 Ke1 58. Ke3 Kf1 59.
Kf3 Kg1 60. g4 Kh2 61. g5 h5 62. Nf4 Kh1 63. g6 Kh2 64. g7 Kg1 65. g8=Q+ Kf1
66. Qg2+ Ke1 67. Qe2# 1-0

[Event "DEM U10/U10w 2000"]
[Site "Überlingen GER"]
[Date "2000.06.05"]
[Round "4"]
[White "Gorodetski, Boris"]
[Black "Schulz, Michael"]
[Result "0-1"]
[Termination "normal"]
[Board "27"]
[WhiteElo "311"]
[BlackElo "863"]
[PlyCount "98"]
[EventCountry "GER"]
[EventRounds "11"]
[EventType "swiss"]
[EventDate "2000.06.03"]

1. d4 Nf6 2. e3 d5 3. Bd3 e6 4. Nd2 Nc6 5. f4 g6 6. c3 Bg7 7. Ngf3 O-O 8. O-O
Ng4 9. Qe1 f5 10. h3 Nf6 11. Ne5 Nxe5 12. fxe5 Ne4 13. Bxe4 fxe4 14. Qg3 Rxf1+
15. Nxf1 b6 16. Qg4 c5 17. Bd2 a5 18. Be1 c4 19. Bh4 Qf8 20. Ng3 a4 21. Rf1 Qe8
22. a3 Ra5 23. b4 axb3 24. Rb1 Rxa3 25. Nf1 Ra2 26. Qd1 Rc2 27. Be1 Bf8 28. Ra1
Bb7 29. Ra7 Qb8 30. Ra1 Bh6 31. Qg4 Bc8 32. Qh4 Ra2 33. Rd1 b2 34. Bd2 Ra1 35.
Re1 Qa8 36. Qxh6 Rxe1 37. Qh4 Rxf1+ 38. Kxf1 b1=Q+ 39. Kf2 Bd7 40. Kg3 Qd3 41.
Bc1 Qxc3 42. Ba3 Qxe3+ 43. Kg4 Qexa3 44. Qe7 Qxe7 45. Kf4 Qh4+ 46. Ke3 Qg3+ 47.
Ke2 Qa2+ 48. Kd1 Qd3+ 49. Ke1 Qde2# 0-1

[Event "DEM U10/U10w 2000"]
[Site "Überlingen GER"]
[Date "2000.06.05"]
[Round "4"]
[White "Rutz, Marco"]
[Black "Miclea, Sebastian"]
[Result "0-1"]
[Termination "normal"]
[Board "29"]
[WhiteElo "951"]
[BlackElo "638"]
[PlyCount "70"]
[EventCountry "GER"]
[EventRounds "11"]
[EventType "swiss"]
[EventDate "2000.06.03"]

1. b4 e5 2. Bb2 f6 3. b5 c6 4. e4 Bc5 5. a4 Qb6 6. Qe2 Ne7 7. Nf3 O-O 8. c3 d5
9. exd5 cxd5 10. d4 exd4 11. cxd4 Bb4+ 12. Nbd2 Re8 13. Qd3 Ng6+ 14. Be2 Nf4
15. Qb3 Bxd2+ 16. Nxd2 Rxe2+ 17. Kd1 Rxf2 18. g3 Bg4+ 19. Kc1 Qc7+ 20. Kb1 Rxd2
21. gxf4 Qf7 22. Qc3 Re2 23. Ka2 h6 24. h3 Bh5 25. Qc8+ Kh7 26. Qf5+ Bg6 27.
Qc8 Re8 28. Qc3 Nd7 29. Rag1 Nb6 30. Kb3 Nc4 31. Bc1 Rac8 32. Qf3 Na5+ 33. Kb4
Rc4+ 34. Kxa5 Qc7+ 35. b6 Qxb6# 0-1

[Event "DEM U10/U10w 2000"]
[Site "Überlingen GER"]
[Date "2000.06.05"]
[Round "4"]
[White "Herkt, Laura"]
[Black "Armbrüster, Clemens"]
[Result "0-1"]
[Termination "normal"]
[Board "30"]
[WhiteElo "924"]
[BlackElo "584"]
[PlyCount "150"]
[BlackFideId "12969699"]
[EventCountry "GER"]
[EventRounds "11"]
[EventType "swiss"]
[EventDate "2000.06.03"]

1. c4 e5 2. Nc3 Nf6 3. Nf3 Nc6 4. g3 d5 5. cxd5 Nxd5 6. Bg2 Nb6 7. O-O Be7 8.
e3 O-O 9. d4 exd4 10. exd4 Be6 11. b3 a5 12. Be3 Qd7 13. Qd2 Rfe8 14. Rfd1 Rad8
15. Ng5 Bg4 16. f3 Bf5 17. g4 Bg6 18. a4 f6 19. Nh3 Bf7 20. Rab1 Bb4 21. Qd3
Bg6 22. Ne4 Nd5 23. Qc4 Bf7 24. Qe2 Nxe3 25. Qxe3 f5 26. gxf5 Qxf5 27. Kh1 Qd5
28. f4 Qf5 29. Rd3 Bd5 30. Nhf2 Re7 31. Rb2 Rde8 32. Re2 Re6 33. Bh3 Bxe4+ 34.
Nxe4 Qxe4+ 35. Qxe4 Rxe4 36. Rf2 Nxd4 37. f5 Re1+ 38. Kg2 R1e2 39. Rxd4 Rxf2+
40. Kxf2 Bc5 41. Kf3 Bxd4 42. Kf4 Be5+ 43. Kg4 Bxh2 44. Bg2 b6 45. Bd5+ Kf8 46.
Be6 g6 47. Bd7 gxf5+ 48. Bxf5 Re3 49. Bxh7 Rxb3 50. Bf5 Rb4+ 51. Kh3 Be5 52.
Bg4 Rxg4 53. Kxg4 Ke7 54. Kf3 Kd6 55. Ke4 Bh8 56. Kf5 Kc5 57. Ke6 Kb4 58. Kd7
c5 59. Kc6 Kxa4 60. Kxb6 c4 61. Kc5 c3 62. Kc4 c2 63. Kd3 c1=Q 64. Ke4 Qc5 65.
Kd3 Qb4 66. Ke3 Qc4 67. Kf3 Qd4 68. Kg3 Qe4 69. Kf2 Qd3 70. Kg2 Qe3 71. Kf1 Qd2
72. Kg1 Qe2 73. Kh1 Kb3 74. Kg1 Be5 75. Kh1 Qh2# 0-1

[Event "DEM U10/U10w 2000"]
[Site "Überlingen GER"]
[Date "2000.06.05"]
[Round "4"]
[White "Billing, Tanja"]
[Black "Wassilian, Diana"]
[Result "0-1"]
[Termination "normal"]
[Board "31"]
[WhiteElo "529"]
[BlackElo "889"]
[PlyCount "26"]
[WhiteFideId "24647993"]
[EventCountry "GER"]
[EventRounds "11"]
[EventType "swiss"]
[EventDate "2000.06.03"]

1. e4 e5 2. Nf3 Nc6 3. Bc4 Bc5 4. Nc3 Nf6 5. O-O d6 6. d3 Bg4 7. Nd5 Nd4 8.
Nxf6+ Qxf6 9. Bg5 Qg6 10. h3 Nxf3+ 11. gxf3 Bxh3 12. Re1 Qxg5+ 13. Kh2 Qg2# 0-1

[Event "DEM U10/U10w 2000"]
[Site "Überlingen GER"]
[Date "2000.06.05"]
[Round "4"]
[White "Günther, Christian"]
[Black "Ahlers, Hendrik"]
[Result "1/2-1/2"]
[Termination "normal"]
[Board "32"]
[WhiteElo "877"]
[BlackElo "504"]
[PlyCount "67"]
[WhiteFideId "24659380"]
[EventCountry "GER"]
[EventRounds "11"]
[EventType "swiss"]
[EventDate "2000.06.03"]

1. e4 e6 2. d4 d5 3. e5 c5 4. Nf3 Nc6 5. Be3 cxd4 6. Bxd4 Nge7 7. Bb5 Nf5 8.
O-O Bd7 9. c3 b6 10. Qa4 Qc7 11. Na3 Qb7 12. Rac1 a6 13. Bxc6 Bxc6 14. Qb3 Bc5
15. Bxc5 bxc5 16. Qxb7 Bxb7 17. c4 d4 18. Nd2 O-O 19. Nb3 Rac8 20. Na5 Ba8 21.
Rb1 Rfd8 22. b4 cxb4 23. Rxb4 d3 24. Rd1 f6 25. exf6 gxf6 26. Rb3 Be4 27. f3
Ne3 28. Rd2 Bf5 29. Kf2 Nc2 30. Nxc2 dxc2 31. Rxd8+ Rxd8 32. Rc3 Rd1 33. Nb3 a5
34. a4 1/2-1/2

[Event "DEM U10/U10w 2000"]
[Site "Überlingen GER"]
[Date "2000.06.05"]
[Round "4"]
[White "Collmann, Martin"]
[Black "Fröschle, Luzie"]
[Result "1-0"]
[Termination "normal"]
[Board "33"]
[WhiteElo "496"]
[BlackElo "876"]
[PlyCount "73"]
[BlackFideId "24631221"]
[EventCountry "GER"]
[EventRounds "11"]
[EventType "swiss"]
[EventDate "2000.06.03"]

1. e4 e5 2. d4 d6 3. dxe5 dxe5 4. Qxd8+ Kxd8 5. Nf3 Nc6 6. Bb5 Bd7 7. Bxc6 Bxc6
8. Nxe5 Ke7 9. Nxc6+ bxc6 10. O-O Rd8 11. Bf4 Rb8 12. b3 Rb7 13. c4 g6 14. Be5
Nf6 15. Nc3 Bg7 16. Rfe1 Rd8 17. Re2 Kf8 18. h3 Nd7 19. Bxg7+ Kxg7 20. Rae1
Rbb8 21. f4 Nc5 22. g3 Nd3 23. Rd1 f5 24. exf5 gxf5 25. Red2 Rg8 26. Rxd3 Kf6
27. Re1 Rbd8 28. Rxd8 Rxd8 29. Kf2 Rd2+ 30. Re2 Rxe2+ 31. Kxe2 Ke6 32. g4 fxg4
33. hxg4 Kf6 34. Ne4+ Kg6 35. f5+ Kf7 36. Kf3 a5 37. Kf4 1-0

[Event "DEM U10/U10w 2000"]
[Site "Überlingen GER"]
[Date "2000.06.05"]
[Round "4"]
[White "Lips, Franziska"]
[Black "Laake, Tamara"]
[Result "1/2-1/2"]
[Termination "normal"]
[Board "34"]
[WhiteElo "840"]
[BlackElo "492"]
[PlyCount "46"]
[EventCountry "GER"]
[EventRounds "11"]
[EventType "swiss"]
[EventDate "2000.06.03"]

1. e4 e5 2. Nf3 Nc6 3. Bc4 Bc5 4. c3 Nf6 5. d4 exd4 6. cxd4 Bb4+ 7. Bd2 Nxe4 8.
Bxb4 Nxb4 9. Qe2 d5 10. Nc3 dxc4 11. Qxe4+ Qe7 12. Ne5 f6 13. Nxc4 Qxe4+ 14.
Nxe4 Nc2+ 15. Kd2 Nxa1 16. Rxa1 O-O 17. d5 Rd8 18. d6 f5 19. Ng3 cxd6 20. Nh5
d5 21. Ne5 d4 22. Re1 Be6 23. g4 fxg4 1/2-1/2

[Event "DEM U10/U10w 2000"]
[Site "Überlingen GER"]
[Date "2000.06.05"]
[Round "4"]
[White "Chyzynski, David"]
[Black "Göllner, Stefanie"]
[Result "1-0"]
[Termination "normal"]
[Board "35"]
[WhiteElo "793"]
[BlackElo "374"]
[PlyCount "135"]
[WhiteFideId "12956155"]
[EventCountry "GER"]
[EventRounds "11"]
[EventType "swiss"]
[EventDate "2000.06.03"]

1. e4 e5 2. Nf3 Nc6 3. d4 d6 4. Bb5 exd4 5. Nxd4 Qd7 6. O-O Nf6 7. Re1 Be7 8.
Nc3 O-O 9. Qd3 a6 10. Ba4 h6 11. Nd5 Nxd5 12. exd5 Qd8 13. dxc6 bxc6 14. Nxc6
Qd7 15. Nxe7+ Kh8 16. Bxd7 Bxd7 17. Qc3 Rfe8 18. Bxh6 f6 19. Qh3 Bxh3 20. gxh3
gxh6 21. Ng6+ Kh7 22. Rxe8 Rxe8 23. Nf4 Rg8+ 24. Kh1 Rb8 25. Rb1 Rb4 26. Nd5
Rc4 27. Nxf6+ Kg7 28. Ng4 Kf7 29. Nxh6+ Ke8 30. c3 Rf4 31. Ng4 Rf5 32. Re1+ Kd7
33. Kg2 Kc6 34. Re4 Rc5 35. c4 d5 36. Re6+ Kb7 37. b3 dxc4 38. bxc4 Rxc4 39.
Re2 Rc5 40. h4 Ra5 41. Nf6 Rf5 42. Re6 Ra5 43. h5 Rg5+ 44. Kh3 Rg7 45. h6 Rg6
46. h7 Rh6+ 47. Kg4 Rxh2 48. Re8 Rg2+ 49. Kf3 Rh2 50. h8=Q Rxh8 51. Rxh8 Kb6
52. Ke3 Kc6 53. Kd3 Kd6 54. Re8 Kc6 55. Ng4 Kd7 56. Re1 Kc6 57. f4 Kb5 58. Kc3
c5 59. f5 c4 60. Re4 Kb6 61. Rxc4 Kb5 62. f6 a5 63. f7 a4 64. f8=Q a3 65. Qc5+
Ka6 66. Ra4+ Kb7 67. Ra7+ Kb8 68. Qc7# 1-0

[Event "DEM U10/U10w 2000"]
[Site "Überlingen GER"]
[Date "2000.06.05"]
[Round "4"]
[White "Schleißinger, Patrick"]
[Black "Marx, Heiner"]
[Result "1-0"]
[Termination "normal"]
[Board "36"]
[WhiteElo "761"]
[BlackElo "202"]
[PlyCount "81"]
[EventCountry "GER"]
[EventRounds "11"]
[EventType "swiss"]
[EventDate "2000.06.03"]

1. e4 e5 2. Nf3 Nc6 3. Nc3 Bc5 4. Bc4 Nf6 5. d3 O-O 6. Bg5 h6 7. Bh4 g5 8. Bg3
d6 9. h3 g4 10. hxg4 Nxg4 11. Qd2 Kh7 12. O-O-O Bb4 13. Ng5+ Kg7 14. f3 Bxc3
15. bxc3 hxg5 16. fxg4 Bxg4 17. Rdf1 Be6 18. Bxe6 fxe6 19. Rxf8 Qxf8 20. Qxg5+
Kf7 21. Rf1+ Ke8 22. Rxf8+ Kxf8 23. Qf6+ Kg8 24. Qxe6+ Kh7 25. Qd7+ Kh6 26.
Qxc7 Rg8 27. Qxb7 Na5 28. Qb5 Rxg3 29. Qxa5 Rxg2 30. Qxa7 Kg6 31. Qb8 d5 32.
Qg8+ Kf6 33. Qxg2 d4 34. a4 Ke7 35. a5 Kd7 36. a6 Kc7 37. a7 Kb7 38. a8=Q+ Kxa8
39. Qg7 Kb8 40. Qd7 Ka8 41. c4 1-0

[Event "DEM U10/U10w 2000"]
[Site "Überlingen GER"]
[Date "2000.06.05"]
[Round "4"]
[White "Cammann, Tim"]
[Black "Jussupow, Ekaterina"]
[Result "0-1"]
[Termination "normal"]
[Board "37"]
[WhiteElo "266"]
[BlackElo "746"]
[PlyCount "116"]
[BlackFideId "24625400"]
[EventCountry "GER"]
[EventRounds "11"]
[EventType "swiss"]
[EventDate "2000.06.03"]

1. d4 Nf6 2. c4 g6 3. Nc3 Bg7 4. g3 O-O 5. Bg2 d6 6. e3 e5 7. Nge2 Nc6 8. O-O
Qe7 9. Qb3 Bd7 10. Qxb7 Rab8 11. Qa6 Rb6 12. Qa3 Nb4 13. Qb3 Nd3 14. Qc2 Bf5
15. Qa4 Rb4 16. Qxa7 Rxc4 17. Bd5 Nxd5 18. Nxd5 Qd7 19. Nec3 exd4 20. exd4 Bxd4
21. Qa6 Bh3 22. Qxc4 Ne5 23. Qxd4 Nf3+ 24. Kh1 Nxd4 25. Nf6+ Kg7 26. Nxd7 Rd8
27. Rd1 Nc2 28. Rb1 Rxd7 29. b3 c6 30. Bb2 Kh6 31. a3 Bf5 32. f3 Ne3 33. Bc1
Kg7 34. Bxe3 Bxb1 35. Nxb1 d5 36. Bd4+ f6 37. h4 Rc7 38. g4 c5 39. Rc1 Rb7 40.
g5 cxd4 41. gxf6+ Kxf6 42. Rc6+ Ke5 43. Kg2 Rxb3 44. Nd2 Rb2 45. Kg3 Rxd2 46.
a4 Ra2 47. Rc7 Rxa4 48. Rxh7 d3 49. Re7+ Kd4 50. Rg7 Ra1 51. Kf2 Kc3 52. Ke3
Re1+ 53. Kf2 d2 54. Rc7+ Kd3 55. Rd7 Kc4 56. Rc7+ Kb5 57. Rb7+ Kc6 58. Rg7 d1=Q
0-1

[Event "DEM U10/U10w 2000"]
[Site "Überlingen GER"]
[Date "2000.06.05"]
[Round "4"]
[White "Stöhr, Constantin"]
[Black "Ugur, Özgür"]
[Result "1/2-1/2"]
[Termination "normal"]
[Board "38"]
[WhiteElo "742"]
[BlackElo "183"]
[PlyCount "159"]
[EventCountry "GER"]
[EventRounds "11"]
[EventType "swiss"]
[EventDate "2000.06.03"]

1. e4 e5 2. Nf3 Nc6 3. Bc4 Bc5 4. c3 Nf6 5. d4 exd4 6. cxd4 Bb6 7. Nc3 Ba5 8.
e5 Ne4 9. Bd2 Nxc3 10. Bxc3 d6 11. Qd2 Bxc3 12. Qxc3 O-O 13. O-O dxe5 14. dxe5
Bg4 15. Rfe1 Re8 16. Qb3 Re7 17. e6 fxe6 18. Bxe6+ Bxe6 19. Rxe6 Rxe6 20. Qxe6+
Kh8 21. Re1 h6 22. h3 Nd4 23. Qe4 Nxf3+ 24. Qxf3 Rb8 25. Rd1 Qe7 26. Kf1 Qb4
27. Qe2 Qa5 28. a3 Qb6 29. Rd7 Rf8 30. f3 Qc6 31. Qe7 Qc1+ 32. Kf2 Qxb2+ 33.
Kg3 Qf6 34. Qxf6 Rxf6 35. Rxc7 Rb6 36. Kf4 Rf6+ 37. Ke5 Rb6 38. Kd5 Kh7 39. a4
Ra6 40. Rxb7 Rxa4 41. Kc5 Ra2 42. g4 a5 43. Ra7 Ra3 44. f4 Rxh3 45. Rxa5 Rg3
46. g5 hxg5 47. Kd4 gxf4 48. Ke4 f3 49. Ke3 Kh6 50. Kf2 Rh3 51. Ra8 Kh7 52. Ra7
Kg8 53. Rb7 g5 54. Rb6 Kg7 55. Rb4 Kg6 56. Rg4 Kf5 57. Ra4 Kg6 58. Rg4 Kh5 59.
Ra4 g4 60. Ra8 Rh2+ 61. Kg1 f2+ 62. Kxh2 f1=Q 63. Rh8+ Kg6 64. Rg8+ Kf7 65.
Rxg4 Qf3 66. Rg3 Qf2+ 67. Kh1 Qf1+ 68. Kh2 Kf6 69. Ra3 Kg5 70. Ra4 Qe2+ 71. Kg3
Qe3+ 72. Kg2 Qd3 73. Ra5+ Kf4 74. Ra4+ Ke3 75. Rg4 Qe2+ 76. Kg3 Qf2+ 77. Kh3
Qf5 78. Kh4 Kf3 79. Rg3+ Kf4 80. Rf3+ 1/2-1/2

[Event "DEM U10/U10w 2000"]
[Site "Überlingen GER"]
[Date "2000.06.05"]
[Round "4"]
[White "Fischer, Sven"]
[Black "Hoffmann, Lena"]
[Result "1-0"]
[Termination "normal"]
[Board "43"]
[WhiteElo "1028"]
[BlackElo "233"]
[PlyCount "55"]
[BlackFideId "24626597"]
[EventCountry "GER"]
[EventRounds "11"]
[EventType "swiss"]
[EventDate "2000.06.03"]

1. d4 d5 2. c4 dxc4 3. e4 e5 4. d5 Nf6 5. Nc3 Bb4 6. Bg5 Qd6 7. f3 c6 8. Bxc4
b5 9. Bb3 O-O 10. Nge2 a5 11. a3 Bxc3+ 12. Nxc3 a4 13. Ba2 Nbd7 14. O-O h6 15.
Bh4 Nc5 16. Bxf6 Qxf6 17. dxc6 Qxc6 18. Bd5 Qg6 19. Bxa8 Bh3 20. Rf2 Rxa8 21.
Kh1 Be6 22. Nd5 Kh8 23. Qc2 Nb3 24. Rd1 Nd4 25. Qc5 Rc8 26. Qd6 Qg5 27. Qb4 Qe3
28. Nxe3 1-0